000 00544nam a2200205Ia 4500
005 20250508154657.0
008 008 250505s9999 xx 000 0 eng d
037 _aTextual
040 _aFEDL
_beng
_cFEDL
041 _aeng
_2eng
084 _a152, LUR
_qFEDL
100 _aLuria A R
245 0 _aHuman brain and psychological processes
260 _aNew York, USA
_bHarper and Row
_c1966
300 _axix,587p.
365 _aINR
_b104.4
650 _aPerception
942 _cTEXL
_h152, LUR
999 _c1351544
_d1351544